000 00276nam a2200121Ia 4500
008 190216s9999||||xx |||||||||||||| ||und||
100 _aKrishna Mohan S
245 0 _aDeveloping Communication Skills
260 _bMacmillan
300 _a295
650 _aCommerce
942 _cBK
999 _c5676
_d5676